000 00811nam a2200253 4500
001 140206
003 ES-MaACL
005 20250905162507.0
007 t|
008 070214s1973 sp r ||||1| spa d
020 _a84-7060-206-3
080 _a618.2-083
080 _a613.95
100 1 _aSchultz-Wild, Lore.
_9104786
245 1 3 _aEl libro de la madre y el niño /
_cLore Schultz-Wild y Dr. F. Muñoz López ; traducción de Mauricio Wiessenthal.
260 _aBarcelona :
_bDanae,
_c1973.
300 _a496 p. :
_bil. ;
_c22 cm.
650 4 _aMujeres embarazadas-
_xSalud e higiene.
_9166049
650 4 _aNiños-
_xSalud e higiene.
_915557
700 1 _aMuñoz López, F.,
_d1932-
_9160992
700 1 _aWiessenthal, Mauricio.
_9116785
852 _aES-MaACL
_jC-53860
999 _c140206
_d140206